000 00708nam a22002057a 4500
005 20251108172348.0
008 250721s2000 xx 000 0 ara d
082 1 4 _a956.0651/حتا
100 1 _aحتاملة، محمد عبده
245 1 0 _aالأندلس :
_bالتاريخ و الحضارة و المحنة : دراسة شاملة /
246 1 1 _aAl - Andalus : History, Civilization
264 1 _aعمان :
_c2000.
300 _a1236ص
650 1 7 _aتاريخ الأندلس 711 - 1492
650 1 7 _aعهد الولاة 716 - 756
650 1 7 _aالدولة الأموية في الأندلس 656 - 1030
650 1 7 _aفتح الأندلس 711 - 716
942 _2ddc
_cBK
999 _c77286
_d77286